Oxford dictionary of phrasal verbs : [Oxford dictionary of current idiomatic English volume 1] /

Uloženo v:
Podrobná bibliografie
Hlavní autor: Cowie, A. P.
Další autoři: Mackin, Ronald.
Médium: Kniha
Jazyk:English
Vydáno: Oxford : Oxford University Press, 1993.
Témata:
Tagy: Přidat tag
Žádné tagy, Buďte první, kdo otaguje tento záznam!
Thư viện lưu trữ: Mạng thư viện Đại học Đà Nẵng
LEADER 01011cam a2200349 i 4500
001 000047503
003 7186
005 20030314104515.0
008 010320|1993 vm 000 eng
020 |a 0194312852 
040 |a IRC  |c IRC  |d IRC 
041 0 |a eng 
082 1 4 |a 423.1  |b CO-A 
100 1 |a Cowie, A. P.  |q (Anthony Paul) 
245 0 0 |a Oxford dictionary of phrasal verbs :  |b [Oxford dictionary of current idiomatic English volume 1] /  |c A. P. Cowie, R. Mackin. 
260 |a Oxford :  |b Oxford University Press,  |c 1993. 
300 |a xviii, 517 p. ;  |c 21.5cm. 
630 0 4 |a English language. 
630 0 4 |a English verb phrase. 
630 0 4 |a Verb phrase dictionaries. 
650 0 4 |a English language  |x Verb phrase  |v Dictionaries. 
700 1 |a Mackin, Ronald. 
OWN |a DUT 
999 |a From the UDN01 
TYP |a Monograph 
TYP |a Printed language 
980 |a Mạng thư viện Đại học Đà Nẵng